[Event "ABC 2025 Groep C"]
[Site "Utrecht"]
[Date "2025.03.16"]
[Round "5.1"]
[White "Lenting, Roan"]
[Black "Zhang, Xiheng"]
[Result "1-0"]
[WhiteFideId "8885184"]
[BlackFideId "8939645"]
[WhiteElo "1983"]
[BlackElo "1928"]

1. e4 {[%clk 00:55:19]} c5 {[%clk 00:55:12]} {[%emt 00:00:08]} 2. c3 {[%clk
00:55:26]} {[%emt 00:00:03]} d5 {[%clk 00:55:16]} {[%emt 00:00:06]} 3. exd5
{[%clk 00:55:32]} {[%emt 00:00:05]} Qxd5 {[%clk 00:55:19]} {[%emt 00:00:05]} 4.
d4 {[%clk 00:55:37]} {[%emt 00:00:06]} Nc6 {[%clk 00:54:49]} {[%emt 00:00:41]}
5. Nf3 {[%clk 00:55:42]} {[%emt 00:00:05]} Nf6 {[%clk 00:54:12]} {[%emt
00:00:46]} 6. Be3 {[%clk 00:53:09]} {[%emt 00:02:42]} cxd4 {[%clk 00:52:05]}
{[%emt 00:02:18]} 7. cxd4 {[%clk 00:50:46]} {[%emt 00:02:33]} e6 {[%clk
00:49:02]} {[%emt 00:03:13]} 8. Nc3 {[%clk 00:50:48]} {[%emt 00:00:09]} Bb4
{[%clk 00:48:23]} {[%emt 00:00:49]} 9. a3 {[%clk 00:50:30]} {[%emt 00:00:27]}
Bxc3+ {[%clk 00:47:55]} {[%emt 00:00:39]} 10. bxc3 {[%clk 00:50:39]} Qa5 {[%clk
00:44:55]} {[%emt 00:03:10]} 11. Qb3 {[%clk 00:45:29]} {[%emt 00:05:20]} O-O
{[%clk 00:42:30]} {[%emt 00:02:35]} 12. Bc4 {[%clk 00:40:49]} {[%emt 00:04:50]}
Qc7 {[%clk 00:40:07]} {[%emt 00:02:33]} 13. Be2 {[%clk 00:37:31]} {[%emt
00:03:29]} Bd7 {[%clk 00:36:35]} {[%emt 00:03:42]} 14. Rc1 {[%clk 00:31:03]}
{[%emt 00:06:38]} Na5 {[%clk 00:33:43]} {[%emt 00:03:01]} 15. Qc2 {[%clk
00:29:23]} {[%emt 00:01:50]} Bc6 {[%clk 00:27:09]} {[%emt 00:06:44]} 16. Bg5
{[%clk 00:24:48]} {[%emt 00:04:45]} Be4 {[%clk 00:19:13]} {[%emt 00:08:06]} 17.
Bd3 {[%clk 00:23:17]} {[%emt 00:01:42]} Bxd3 {[%clk 00:17:09]} {[%emt
00:02:14]} 18. Qxd3 {[%clk 00:23:10]} {[%emt 00:00:16]} Nd5 {[%clk 00:15:03]}
{[%emt 00:02:16]} 19. c4 {[%clk 00:15:08]} {[%emt 00:08:13]} Nb6 {[%clk
00:11:41]} {[%emt 00:03:31]} 20. Nd2 {[%clk 00:13:44]} {[%emt 00:01:34]} Nc6
{[%clk 00:09:09]} {[%emt 00:02:42]} 21. Qe4 {[%clk 00:09:54]} {[%emt 00:04:00]}
Qd7 {[%clk 00:06:57]} {[%emt 00:02:22]} 22. c5 {[%clk 00:09:07]} {[%emt
00:00:57]} Nc8 {[%clk 00:05:46]} {[%emt 00:01:21]} 23. Rc4 {[%clk 00:08:08]}
{[%emt 00:01:09]} Qd5 {[%clk 00:04:14]} {[%emt 00:01:43]} 24. Be3 {[%clk
00:06:43]} {[%emt 00:01:35]} N8e7 {[%clk 00:03:40]} {[%emt 00:00:44]} 25. Qxd5
{[%clk 00:05:31]} {[%emt 00:01:22]} exd5 {[%clk 00:03:33]} {[%emt 00:00:17]} 26.
Rc3 {[%clk 00:05:07]} {[%emt 00:00:34]} Nf5 {[%clk 00:03:24]} {[%emt 00:00:19]}
27. Nf3 {[%clk 00:05:00]} {[%emt 00:00:16]} Rfe8 {[%clk 00:03:17]} {[%emt
00:00:17]} 28. Kd2 {[%clk 00:05:06]} {[%emt 00:00:04]} Re4 {[%clk 00:03:00]}
{[%emt 00:00:27]} 29. Rd3 {[%clk 00:04:43]} {[%emt 00:00:33]} Rae8 {[%clk
00:02:53]} {[%emt 00:00:18]} 30. Rb1 {[%clk 00:04:40]} {[%emt 00:00:13]} R4e7
{[%clk 00:02:39]} {[%emt 00:00:24]} 31. g4 {[%clk 00:04:37]} {[%emt 00:00:12]}
Nxe3 {[%clk 00:02:38]} {[%emt 00:00:10]} 32. Rxe3 {[%clk 00:04:30]} {[%emt
00:00:17]} Na5 {[%clk 00:02:38]} {[%emt 00:00:10]} 33. Rxe7 {[%clk 00:04:14]}
{[%emt 00:00:26]} Rxe7 {[%clk 00:02:46]} {[%emt 00:00:02]} 34. a4 {[%clk
00:04:01]} {[%emt 00:00:24]} f6 {[%clk 00:02:34]} {[%emt 00:00:22]} 35. h3
{[%clk 00:04:05]} {[%emt 00:00:06]} Kf7 {[%clk 00:02:17]} {[%emt 00:00:27]} 36.
Kd3 {[%clk 00:04:09]} {[%emt 00:00:05]} Nc6 {[%clk 00:02:12]} {[%emt 00:00:16]}
37. Nd2 {[%clk 00:03:52]} {[%emt 00:00:26]} Ke8 {[%clk 00:02:06]} {[%emt
00:00:16]} 38. f3 {[%clk 00:03:41]} {[%emt 00:00:21]} Kd8 {[%clk 00:02:05]}
{[%emt 00:00:12]} 39. Nf1 {[%clk 00:03:28]} {[%emt 00:00:22]} a5 {[%clk
00:01:44]} {[%emt 00:00:32]} 40. Ne3 {[%clk 00:02:24]} {[%emt 00:01:14]} Nb4+
{[%clk 00:01:46]} {[%emt 00:00:08]} 41. Kd2 {[%clk 00:02:15]} {[%emt 00:00:18]}
Kd7 {[%clk 00:01:42]} {[%emt 00:00:15]} 42. Nc2 {[%clk 00:01:45]} {[%emt
00:00:40]} Re8 {[%clk 00:01:08]} {[%emt 00:00:44]} 43. Nxb4 {[%clk 00:01:51]}
{[%emt 00:00:04]} axb4 {[%clk 00:01:16]} {[%emt 00:00:02]} 44. Rxb4 {[%clk
00:01:55]} {[%emt 00:00:04]} Kc7 {[%clk 00:01:23]} {[%emt 00:00:04]} 45. Rb6
{[%clk 00:01:40]} {[%emt 00:00:26]} Ra8 {[%clk 00:01:15]} {[%emt 00:00:18]} 46.
Rb4 {[%clk 00:01:25]} {[%emt 00:00:25]} Re8 {[%clk 00:01:18]} {[%emt 00:00:07]}
47. h4 {[%clk 00:01:25]} {[%emt 00:00:10]} Re6 {[%clk 00:01:11]} {[%emt
00:00:17]} 48. Rb3 {[%clk 00:01:17]} {[%emt 00:00:17]} Ra6 {[%clk 00:00:57]}
{[%emt 00:00:25]} 49. Ra3 {[%clk 00:01:13]} {[%emt 00:00:14]} Re6 {[%clk
00:01:01]} {[%emt 00:00:06]} 50. h5 {[%clk 00:01:18]} {[%emt 00:00:05]} Re8
{[%clk 00:00:57]} {[%emt 00:00:14]} 51. a5 {[%clk 00:00:55]} {[%emt 00:00:33]}
Ra8 {[%clk 00:00:57]} {[%emt 00:00:10]} 52. Re3 {[%clk 00:00:49]} {[%emt
00:00:16]} Kd7 {[%clk 00:01:01]} {[%emt 00:00:06]} 53. Ra3 {[%clk 00:00:57]}
{[%emt 00:00:01]} Kc7 {[%clk 00:01:10]} {[%emt 00:00:01]} 54. Ke3 {[%clk
00:01:06]} Ra6 {[%clk 00:00:53]} {[%emt 00:00:27]} 55. Kf4 {[%clk 00:01:09]}
{[%emt 00:00:07]} Re6 {[%clk 00:00:48]} {[%emt 00:00:16]} 56. Kf5 {[%clk
00:00:36]} {[%emt 00:00:43]} Re8 {[%clk 00:00:39]} {[%emt 00:00:19]} 57. a6
{[%clk 00:00:33]} {[%emt 00:00:13]} Ra8 {[%clk 00:00:34]} {[%emt 00:00:15]} 58.
a7 {[%clk 00:00:42]} Kc6 {[%clk 00:00:26]} {[%emt 00:00:18]} 59. Ra5 {[%clk
00:00:48]} {[%emt 00:00:04]} Kc7 {[%clk 00:00:30]} {[%emt 00:00:06]} 60. Ke6
{[%clk 00:00:53]} {[%emt 00:00:04]} b6 {[%clk 00:00:12]} {[%emt 00:00:29]} 61.
cxb6+ {[%clk 00:00:58]} {[%emt 00:00:05]} Kxb6 {[%clk 00:00:21]} 62. Rxd5
{[%clk 00:01:06]} {[%emt 00:00:01]} Rxa7 {[%clk 00:00:28]} {[%emt 00:00:04]} 63.
Rd7 {[%clk 00:01:14]} {[%emt 00:00:01]} Ra4 {[%clk 00:00:30]} {[%emt 00:00:09]}
64. d5 {[%clk 00:00:53]} {[%emt 00:00:31]} Rf4 {[%clk 00:00:33]} {[%emt
00:00:06]} 65. Rxg7 {[%clk 00:00:55]} {[%emt 00:00:08]} Rxf3 {[%clk 00:00:39]}
{[%emt 00:00:04]} 66. Rxh7 {[%clk 00:01:03]} {[%emt 00:00:02]} Kc5 {[%clk
00:00:47]} {[%emt 00:00:03]} 67. Rc7+ {[%clk 00:01:11]} {[%emt 00:00:02]} Kd4
{[%clk 00:00:53]} {[%emt 00:00:04]} 68. d6 {[%clk 00:01:18]} {[%emt 00:00:02]}
Re3+ {[%clk 00:00:58]} {[%emt 00:00:05]} 69. Kxf6 {[%clk 00:01:23]} {[%emt
00:00:05]} Rf3+ {[%clk 00:01:02]} {[%emt 00:00:07]} 70. Kg6 {[%clk 00:01:29]}
{[%emt 00:00:04]} Rd3 {[%clk 00:01:08]} {[%emt 00:00:04]} 71. h6 {[%clk
00:01:35]} {[%emt 00:00:04]} Ke5 {[%clk 00:01:14]} {[%emt 00:00:04]} 72. h7
{[%clk 00:01:36]} {[%emt 00:00:09]} Rxd6+ {[%emt 00:00:04]} 73. Kg7 {[%clk
00:01:43]} {[%emt 00:00:01]} Rd8 {[%clk 00:01:26]} {[%emt 00:00:06]} 74. Rf7
{[%clk 00:01:49]} {[%emt 00:00:03]} Ke6 {[%clk 00:01:33]} {[%emt 00:00:04]} 75.
Rf8 {[%clk 00:01:56]} {[%emt 00:00:02]} Rd7+ {[%clk 00:01:43]} {[%emt
00:00:01]} 76. Kg8 {[%clk 00:02:02]} {[%emt 00:00:03]} Rxh7 {[%clk 00:01:30]}
{[%emt 00:00:23]} 77. Kxh7 {[%clk 00:02:11]} {[%emt 00:00:02]} Ke7 {[%clk
00:01:39]} 78. Rf1 {[%clk 00:02:17]} {[%emt 00:00:03]} Ke6 {[%clk 00:01:48]}
{[%emt 00:00:01]} 79. g5 {[%clk 00:02:27]} Ke5 {[%clk 00:01:57]} 80. g6 {[%clk
00:02:36]} {[%emt 00:00:01]} Ke4 {[%clk 00:02:05]} {[%emt 00:00:01]} 81. g7
{[%clk 00:02:45]} {[%emt 00:00:01]} Ke3 {[%clk 00:02:14]} {[%emt 00:00:02]} 82.
g8=Q {[%clk 00:02:54]} Ke2 {[%clk 00:02:23]} {[%emt 00:00:01]} 83. Qg2+ {[%emt
00:00:04]} Ke3 {[%clk 00:02:31]} 84. Rf3+ {[%clk 00:03:11]} Kd4 {[%clk
00:02:40]} {[%emt 00:00:02]} 85. Qg4+ {[%clk 00:03:20]} Ke5 {[%clk 00:02:49]}
86. Rf5+ {[%clk 00:03:30]} Kd6 {[%clk 00:02:57]} {[%emt 00:00:02]} 87. Qg6+
{[%clk 00:03:39]} Kc7 {[%clk 00:03:06]} {[%emt 00:00:02]} 88. Rf7+ {[%clk
00:03:48]} Kd8 {[%clk 00:03:15]} 89. Qg8# {[%clk 00:03:57]} {[%emt 00:00:01]}
1-0

[Event "ABC 2025 Groep C"]
[Site "Utrecht"]
[Date "2025.03.16"]
[Round "5.2"]
[White "Rantz, Thomas"]
[Black "Etienne, Ghilon"]
[Result "0-1"]
[WhiteFideId "8976572"]
[BlackFideId "8852118"]
[WhiteElo "1750"]
[BlackElo "1972"]

1. e4 {[%clk 00:55:18]} {[%emt 00:00:01]} e5 {[%clk 00:55:08]} {[%emt
00:00:12]} 2. Nf3 {[%clk 00:55:19]} {[%emt 00:00:09]} Nc6 {[%clk 00:55:14]}
{[%emt 00:00:03]} 3. Bc4 {[%clk 00:55:13]} {[%emt 00:00:17]} Nf6 {[%clk
00:55:19]} {[%emt 00:00:04]} 4. d3 {[%clk 00:55:06]} {[%emt 00:00:18]} h6
{[%clk 00:55:25]} {[%emt 00:00:03]} 5. Be3 {[%clk 00:54:45]} {[%emt 00:00:32]}
d6 {[%clk 00:55:30]} {[%emt 00:00:06]} 6. h3 {[%clk 00:54:36]} {[%emt
00:00:18]} g6 {[%clk 00:55:29]} {[%emt 00:00:10]} 7. O-O {[%clk 00:54:18]}
{[%emt 00:00:29]} Bg7 {[%clk 00:55:35]} {[%emt 00:00:04]} 8. Re1 {[%clk
00:53:00]} {[%emt 00:01:27]} O-O {[%clk 00:55:39]} {[%emt 00:00:07]} 9. Nc3
{[%clk 00:52:59]} {[%emt 00:00:12]} Kh7 {[%clk 00:55:37]} {[%emt 00:00:11]} 10.
Rf1 {[%clk 00:52:12]} {[%emt 00:00:57]} Ne8 {[%clk 00:54:52]} {[%emt 00:00:54]}
11. Nh2 {[%clk 00:51:44]} {[%emt 00:00:39]} f5 {[%clk 00:54:56]} {[%emt
00:00:05]} 12. f3 {[%clk 00:50:48]} {[%emt 00:01:07]} Nf6 {[%clk 00:54:53]}
{[%emt 00:00:13]} 13. Qd2 {[%clk 00:50:06]} {[%emt 00:00:52]} f4 {[%clk
00:54:43]} {[%emt 00:00:20]} 14. Bf2 {[%clk 00:50:05]} {[%emt 00:00:12]} g5
{[%clk 00:54:47]} {[%emt 00:00:05]} 15. Ng4 {[%clk 00:49:19]} {[%emt 00:00:56]}
h5 {[%clk 00:54:44]} {[%emt 00:00:13]} 16. Nxf6+ {[%clk 00:49:06]} {[%emt
00:00:23]} Qxf6 {[%clk 00:54:52]} {[%emt 00:00:01]} 17. Nd5 {[%clk 00:49:00]}
{[%emt 00:00:17]} Qd8 {[%clk 00:54:58]} {[%emt 00:00:04]} 18. Be1 {[%clk
00:47:47]} {[%emt 00:01:23]} Ne7 {[%clk 00:54:30]} {[%emt 00:00:37]} 19. Nxe7
{[%clk 00:47:22]} {[%emt 00:00:36]} Qxe7 {[%clk 00:54:39]} {[%emt 00:00:02]} 20.
Kf2 {[%clk 00:47:14]} {[%emt 00:00:17]} c6 {[%clk 00:52:38]} {[%emt 00:02:11]}
21. b4 {[%clk 00:45:48]} {[%emt 00:01:36]} Rd8 {[%clk 00:52:27]} {[%emt
00:00:20]} 22. Qc1 {[%clk 00:43:20]} {[%emt 00:02:39]} d5 {[%clk 00:52:27]}
{[%emt 00:00:09]} 23. Bb3 {[%clk 00:42:42]} {[%emt 00:00:49]} dxe4 {[%clk
00:50:35]} {[%emt 00:02:02]} 24. dxe4 {[%clk 00:42:16]} {[%emt 00:00:36]} Qd6
{[%clk 00:49:59]} {[%emt 00:00:46]} 25. c3 {[%clk 00:39:57]} {[%emt 00:02:29]}
c5 {[%clk 00:49:03]} {[%emt 00:01:06]} 26. Kg1 {[%clk 00:38:52]} {[%emt
00:01:15]} g4 {[%clk 00:47:18]} {[%emt 00:01:55]} 27. hxg4 {[%clk 00:38:12]}
{[%emt 00:00:50]} hxg4 {[%clk 00:47:22]} {[%emt 00:00:06]} 28. Qd1 {[%clk
00:36:44]} {[%emt 00:01:39]} Qb6 {[%clk 00:47:05]} {[%emt 00:00:26]} 29. Qe2
{[%clk 00:35:10]} {[%emt 00:01:41]} g3 {[%clk 00:47:09]} {[%emt 00:00:09]} 30.
Bxg3 {[%clk 00:29:24]} {[%emt 00:05:57]} fxg3 {[%clk 00:47:13]} {[%emt
00:00:05]} 31. Qe3 {[%clk 00:29:06]} {[%emt 00:00:29]} Bh6 {[%clk 00:47:00]}
{[%emt 00:00:22]} 32. f4 {[%clk 00:26:54]} {[%emt 00:02:23]} exf4 {[%clk
00:46:53]} {[%emt 00:00:16]} 33. Rxf4 {[%clk 00:26:30]} {[%emt 00:00:35]} Bxf4
{[%clk 00:43:48]} {[%emt 00:03:14]} 34. Qxf4 {[%clk 00:26:10]} {[%emt
00:00:30]} cxb4+ {[%clk 00:43:52]} {[%emt 00:00:05]} 35. Kf1 {[%clk 00:25:36]}
{[%emt 00:00:44]} Qf2+ {[%clk 00:43:43]} {[%emt 00:00:20]} 36. Qxf2 {[%clk
00:25:34]} {[%emt 00:00:12]} gxf2 {[%clk 00:43:51]} {[%emt 00:00:03]} 37. Kxf2
{[%clk 00:25:34]} {[%emt 00:00:09]} bxc3 {[%clk 00:43:56]} {[%emt 00:00:05]} 38.
Rh1+ {[%clk 00:25:33]} {[%emt 00:00:11]} Kg7 {[%clk 00:43:55]} {[%emt
00:00:10]} 39. Rh4 {[%clk 00:25:07]} {[%emt 00:00:37]} Rd2+ {[%clk 00:43:47]}
{[%emt 00:00:18]} 40. Kg3 {[%clk 00:25:03]} {[%emt 00:00:09]} c2 {[%clk
00:43:49]} {[%emt 00:00:14]} 41. Rh1 {[%clk 00:24:43]} {[%emt 00:00:30]} Be6
{[%clk 00:43:27]} {[%emt 00:00:31]} 42. Bxe6 {[%clk 00:24:25]} {[%emt
00:00:28]} Rd1 {[%clk 00:43:34]} {[%emt 00:00:04]} 43. Rh4 {[%clk 00:24:10]}
{[%emt 00:00:25]} c1=Q {[%clk 00:43:34]} {[%emt 00:00:09]} 44. Rg4+ {[%clk
00:24:14]} {[%emt 00:00:06]} Kf6 {[%clk 00:43:36]} {[%emt 00:00:07]} 45. Rg6+
{[%clk 00:24:07]} {[%emt 00:00:18]} Kxg6 {[%clk 00:43:38]} {[%emt 00:00:08]} 46.
Bf5+ {[%emt 00:00:07]} Kg5 {[%clk 00:43:43]} {[%emt 00:00:03]} 47. Kh2 {[%clk
00:23:56]} {[%emt 00:00:27]} Rh1+ {[%clk 00:43:47]} {[%emt 00:00:05]} 0-1

[Event "ABC 2025 Groep C"]
[Site "Utrecht"]
[Date "2025.03.16"]
[Round "5.3"]
[White "Kakrana, Reyansh"]
[Black "John, Ryan"]
[Result "1-0"]
[WhiteFideId "8853900"]
[BlackFideId "8959291"]
[WhiteElo "1785"]
[BlackElo "1808"]

1. e4 {[%clk 00:55:18]} {[%emt 00:00:02]} c5 {[%clk 00:55:15]} {[%emt
00:00:05]} 2. c3 {[%clk 00:55:24]} {[%emt 00:00:03]} e6 {[%clk 00:54:48]}
{[%emt 00:00:38]} 3. d4 {[%clk 00:55:31]} {[%emt 00:00:03]} d5 {[%clk
00:54:36]} {[%emt 00:00:21]} 4. exd5 {[%clk 00:55:30]} {[%emt 00:00:11]} exd5
{[%clk 00:54:33]} {[%emt 00:00:13]} 5. Nf3 {[%clk 00:55:35]} {[%emt 00:00:06]}
Nf6 {[%clk 00:54:07]} {[%emt 00:00:36]} 6. Bd3 {[%clk 00:55:35]} {[%emt
00:00:10]} cxd4 {[%clk 00:54:02]} {[%emt 00:00:15]} 7. Nxd4 {[%clk 00:54:58]}
{[%emt 00:00:47]} Nc6 {[%clk 00:53:54]} {[%emt 00:00:16]} 8. Nxc6 {[%clk
00:53:15]} {[%emt 00:01:55]} bxc6 {[%clk 00:53:51]} {[%emt 00:00:13]} 9. O-O
{[%clk 00:53:11]} {[%emt 00:00:13]} Be7 {[%clk 00:53:52]} {[%emt 00:00:10]} 10.
Bg5 {[%clk 00:49:00]} {[%emt 00:04:21]} h6 {[%clk 00:53:14]} {[%emt 00:00:48]}
11. Bh4 {[%clk 00:48:58]} {[%emt 00:00:12]} O-O {[%clk 00:53:11]} {[%emt
00:00:13]} 12. Re1 {[%clk 00:47:07]} {[%emt 00:02:01]} Be6 {[%clk 00:52:47]}
{[%emt 00:00:33]} 13. Nd2 {[%clk 00:44:45]} {[%emt 00:02:33]} Re8 {[%clk
00:51:20]} {[%emt 00:01:37]} 14. Qc2 {[%clk 00:38:01]} {[%emt 00:06:54]} Bd6
{[%clk 00:49:05]} {[%emt 00:02:25]} 15. h3 {[%clk 00:30:04]} {[%emt 00:08:07]}
g5 {[%clk 00:45:21]} {[%emt 00:03:53]} 16. Bg3 {[%clk 00:30:02]} {[%emt
00:00:12]} Bxg3 {[%clk 00:45:10]} {[%emt 00:00:22]} 17. fxg3 {[%clk 00:30:11]}
{[%emt 00:00:02]} Qb6+ {[%clk 00:43:08]} {[%emt 00:02:09]} 18. Kh2 {[%clk
00:30:04]} {[%emt 00:00:19]} Rab8 {[%clk 00:42:36]} {[%emt 00:00:42]} 19. b3
{[%clk 00:29:25]} {[%emt 00:00:49]} Qc7 {[%clk 00:39:38]} {[%emt 00:03:04]} 20.
c4 {[%clk 00:24:46]} {[%emt 00:04:53]} Nh5 {[%clk 00:38:18]} {[%emt 00:01:29]}
21. Nf1 {[%clk 00:24:49]} {[%emt 00:00:07]} Re7 {[%clk 00:31:53]} {[%emt
00:06:36]} 22. cxd5 {[%clk 00:21:37]} {[%emt 00:03:22]} Bxd5 {[%clk 00:30:39]}
{[%emt 00:01:24]} 23. Re2 {[%clk 00:20:53]} {[%emt 00:00:55]} Rbe8 {[%clk
00:28:52]} {[%emt 00:01:56]} 24. Rae1 {[%clk 00:20:27]} {[%emt 00:00:36]} Be6
{[%clk 00:27:44]} {[%emt 00:01:17]} 25. Bc4 {[%clk 00:14:34]} {[%emt 00:06:05]}
Qd6 {[%clk 00:20:31]} {[%emt 00:07:21]} 26. Bxe6 {[%clk 00:06:41]} {[%emt
00:08:05]} Rxe6 {[%clk 00:19:46]} {[%emt 00:00:54]} 27. Rxe6 {[%clk 00:06:43]}
{[%emt 00:00:09]} Rxe6 {[%clk 00:19:37]} {[%emt 00:00:18]} 28. Rxe6 {[%clk
00:05:09]} {[%emt 00:01:43]} Qxe6 {[%clk 00:19:35]} {[%emt 00:00:12]} 29. Qf2
{[%clk 00:05:15]} {[%emt 00:00:04]} Qd7 {[%clk 00:18:22]} {[%emt 00:01:22]} 30.
Qf3 {[%clk 00:03:51]} {[%emt 00:01:36]} Ng7 {[%clk 00:18:15]} {[%emt 00:00:17]}
31. Ne3 {[%clk 00:03:47]} {[%emt 00:00:15]} Qe6 {[%clk 00:16:50]} {[%emt
00:01:35]} 32. Ng4 {[%clk 00:03:05]} {[%emt 00:00:51]} Nf5 {[%clk 00:15:56]}
{[%emt 00:01:02]} 33. Qxf5 {[%clk 00:03:04]} {[%emt 00:00:14]} Kg7 {[%clk
00:14:46]} {[%emt 00:01:20]} 34. Qxe6 {[%clk 00:03:06]} {[%emt 00:00:08]} fxe6
{[%clk 00:14:35]} {[%emt 00:00:20]} 35. Kg1 {[%clk 00:03:15]} {[%emt 00:00:01]}
c5 {[%clk 00:13:54]} {[%emt 00:00:52]} 36. Ne5 {[%clk 00:03:07]} {[%emt
00:00:18]} Kf6 {[%clk 00:13:18]} {[%emt 00:00:46]} 37. Nd7+ {[%clk 00:03:16]}
{[%emt 00:00:01]} Ke7 {[%clk 00:12:28]} {[%emt 00:01:00]} 38. Nxc5 {[%clk
00:03:24]} {[%emt 00:00:02]} Kd6 {[%clk 00:12:23]} {[%emt 00:00:14]} 39. Nd3
{[%clk 00:03:30]} {[%emt 00:00:05]} Kd5 {[%clk 00:11:59]} {[%emt 00:00:31]} 40.
Kf2 {[%clk 00:03:38]} {[%emt 00:00:03]} e5 {[%clk 00:11:33]} {[%emt 00:00:37]}
41. Ke3 {[%clk 00:03:43]} {[%emt 00:00:05]} e4 {[%clk 00:11:07]} {[%emt
00:00:37]} 42. Nf2 {[%clk 00:03:50]} {[%emt 00:00:03]} Kc5 {[%clk 00:10:53]}
{[%emt 00:00:24]} 43. Nxe4+ {[%clk 00:03:47]} {[%emt 00:00:12]} Kb4 {[%clk
00:10:51]} {[%emt 00:00:13]} 44. Kd3 {[%clk 00:03:56]} a5 {[%clk 00:09:57]}
{[%emt 00:01:05]} 45. Nf6 {[%clk 00:03:59]} {[%emt 00:00:07]} Ka3 {[%clk
00:07:39]} {[%emt 00:02:28]} 46. Ng4 {[%clk 00:04:05]} {[%emt 00:00:03]} h5
{[%clk 00:06:55]} {[%emt 00:00:54]} 47. Nf6 {[%clk 00:04:13]} {[%emt 00:00:02]}
Kxa2 {[%clk 00:06:55]} {[%emt 00:00:11]} 48. Kc3 {[%clk 00:04:22]} h4 {[%clk
00:06:23]} {[%emt 00:00:42]} 49. gxh4 {[%clk 00:04:27]} {[%emt 00:00:05]} gxh4
{[%clk 00:06:21]} {[%emt 00:00:13]} 50. Ne4 {[%clk 00:04:36]} Ka3 {[%clk
00:06:12]} {[%emt 00:00:19]} 51. g3 {[%clk 00:04:44]} {[%emt 00:00:01]} a4
{[%clk 00:06:05]} {[%emt 00:00:18]} 52. bxa4 {[%clk 00:04:51]} {[%emt
00:00:03]} Kxa4 {[%clk 00:06:03]} {[%emt 00:00:12]} 53. g4 {[%clk 00:04:41]}
{[%emt 00:00:19]} Kb5 {[%clk 00:06:00]} {[%emt 00:00:14]} 54. g5 {[%clk
00:04:49]} {[%emt 00:00:01]} Kc6 {[%clk 00:05:50]} {[%emt 00:00:21]} 55. g6
{[%clk 00:04:58]} Kd7 {[%clk 00:05:48]} {[%emt 00:00:12]} 56. g7 {[%clk
00:05:04]} {[%emt 00:00:03]} Ke7 {[%clk 00:05:51]} {[%emt 00:00:08]} 57. g8=Q
{[%clk 00:05:07]} {[%emt 00:00:06]} Kd7 {[%clk 00:05:55]} {[%emt 00:00:05]} 58.
Qg6 {[%clk 00:05:14]} {[%emt 00:00:04]} Ke7 {[%clk 00:06:04]} {[%emt 00:00:02]}
59. Nf2 {[%clk 00:05:21]} {[%emt 00:00:03]} Kd7 {[%clk 00:06:12]} {[%emt
00:00:01]} 60. Qf6 {[%clk 00:05:30]} Kc7 {[%clk 00:06:21]} {[%emt 00:00:02]} 61.
Qe6 {[%clk 00:05:38]} {[%emt 00:00:01]} Kb7 {[%clk 00:06:30]} {[%emt 00:00:01]}
62. Qd6 {[%clk 00:05:46]} {[%emt 00:00:02]} Ka7 {[%clk 00:06:39]} {[%emt
00:00:02]} 63. Qc6 {[%clk 00:05:54]} {[%emt 00:00:01]} Kb8 {[%clk 00:06:49]}
{[%emt 00:00:01]} 64. Qd7 {[%clk 00:06:03]} Ka8 {[%clk 00:06:58]} {[%emt
00:00:01]} 65. Kb4 {[%clk 00:06:12]} Kb8 {[%clk 00:07:07]} {[%emt 00:00:01]} 66.
Kb5 {[%clk 00:06:21]} Ka8 {[%clk 00:07:16]} {[%emt 00:00:01]} 67. Kb6 {[%clk
00:06:30]} Kb8 {[%clk 00:07:25]} {[%emt 00:00:02]} 68. Qd8# {[%clk 00:06:35]}
{[%emt 00:00:04]} 1-0

[Event "ABC 2025 Groep C"]
[Site "Utrecht"]
[Date "2025.03.16"]
[Round "5.4"]
[White "Bloemberg, Jesper"]
[Black "Baarspul, Bram"]
[Result "1/2-1/2"]
[WhiteFideId "8902872"]
[BlackFideId "9026171"]
[WhiteElo "1750"]
[BlackElo "1995"]

1. c4 {[%clk 00:55:11]} {[%emt 00:00:08]} e5 {[%clk 00:54:58]} {[%emt
00:00:22]} 2. g3 {[%clk 00:55:02]} {[%emt 00:00:18]} Nc6 {[%clk 00:54:40]}
{[%emt 00:00:28]} 3. Bg2 {[%clk 00:54:47]} {[%emt 00:00:25]} Nf6 {[%clk
00:54:11]} {[%emt 00:00:40]} 4. Nc3 {[%clk 00:54:44]} {[%emt 00:00:14]} Bb4
{[%clk 00:53:48]} {[%emt 00:00:32]} 5. e3 {[%clk 00:53:58]} {[%emt 00:00:55]}
Bxc3 {[%clk 00:51:44]} {[%emt 00:02:16]} 6. bxc3 {[%clk 00:52:58]} {[%emt
00:01:08]} O-O {[%clk 00:51:00]} {[%emt 00:00:54]} 7. d4 {[%clk 00:51:36]}
{[%emt 00:01:33]} d6 {[%clk 00:50:51]} {[%emt 00:00:19]} 8. d5 {[%clk
00:44:22]} {[%emt 00:07:23]} Nb8 {[%clk 00:50:17]} {[%emt 00:00:45]} 9. Ne2
{[%clk 00:40:08]} {[%emt 00:04:24]} Bf5 {[%clk 00:49:44]} {[%emt 00:00:42]} 10.
O-O {[%clk 00:35:46]} {[%emt 00:04:32]} Na6 {[%clk 00:49:43]} {[%emt 00:00:12]}
11. Ba3 {[%clk 00:35:22]} {[%emt 00:00:34]} Nd7 {[%clk 00:47:12]} {[%emt
00:02:41]} 12. e4 {[%clk 00:34:42]} {[%emt 00:00:50]} Bg6 {[%emt 00:03:43]} 13.
f4 {[%clk 00:32:13]} f5 {[%clk 00:45:54]} {[%emt 00:00:34]} 14. fxe5 {[%clk
00:31:51]} {[%emt 00:00:32]} Nxe5 {[%clk 00:45:23]} {[%emt 00:00:40]} 15. Qd4
{[%clk 00:27:57]} {[%emt 00:04:03]} Qe8 {[%clk 00:41:38]} {[%emt 00:03:57]} 16.
Nf4 {[%clk 00:24:02]} {[%emt 00:04:04]} Qa4 {[%clk 00:37:46]} {[%emt 00:04:02]}
17. Bb4 {[%clk 00:21:21]} {[%emt 00:02:49]} fxe4 {[%clk 00:30:48]} {[%emt
00:07:10]} 18. Ne6 {[%clk 00:19:57]} {[%emt 00:01:35]} Rxf1+ {[%clk 00:23:04]}
{[%emt 00:07:54]} 19. Rxf1 {[%clk 00:19:58]} {[%emt 00:00:09]} Nxb4 {[%clk
00:22:02]} {[%emt 00:01:12]} 20. c5 {[%clk 00:18:59]} {[%emt 00:01:09]} Qxa2
{[%clk 00:16:49]} {[%emt 00:05:24]} 21. cxd6 {[%clk 00:16:05]} {[%emt
00:03:03]} cxd6 {[%clk 00:14:33]} {[%emt 00:02:27]} 22. Qxb4 {[%clk 00:15:59]}
{[%emt 00:00:15]} b6 {[%clk 00:11:31]} {[%emt 00:03:13]} 23. Qxd6 {[%clk
00:15:57]} {[%emt 00:00:11]} Nf3+ {[%clk 00:09:51]} {[%emt 00:01:50]} 1/2-1/2